Nommez ces dystopies - #1 - Statistiques

Statistiques générales
  • Ce quiz a été pris 324 fois
  • Le résultat moyen est 6 sur 16
Statistiques - réponses
Se déroule en... Description Œuvre % Correct
? Lors d'une cérémonie sensée répartir les adolescents dans une des cinq factions qui composent la société, une jeune femme ne se retrouve dans aucune des catégories. Divergente
80%
1984 Un gouvernement totalitaire contrôle l'histoire, la langue et tous les aspects de la société. 1984
67%
2805 Les humains ont abandonnés une Terre couverte de déchets aux mains d'un petit robot chargé de la nettoyer pendant qu'ils vivent dans un vaisseau spatial. WALL-E
62%
futur proche Pour tenter de résoudre les problèmes de criminalité, le gouvernement étasunien instaure la Purge : pour une nuit, tous les crimes sont permis. American Nightmare
46%
2045 Une plateforme de réalité virtuelle est la dernière Oasis de joie dans un monde en proie au dérèglement climatique, aux famines et aux guerres. Ready Player One
45%
futur lointain Dans le futur, les pompiers n'éteignent plus les incendies : ils brûlent les livres. Fahrenheit 451
40%
futur proche Un policier de Detroit au bord de la mort se voit offrir une seconde vie dans le corps d'un robot. Robocop
34%
2035 Depuis des années, des robots servent l'humanité, gouvernés par les 3 lois de la robotique d'Isaac Asimov. Cependant, ces lois ne sont peut-être pas si infaillible que ça, et une révolution se prépare... I, Robot
33%
futur proche Le Royaume-Uni est un état fasciste où la population a abandonné ses libertés au nom de la sécurité. Un anarchiste au masque moustachu va tout faire pour renverser le gouvernement. V pour Vendetta
29%
futur lointain Dans une société ultra-hiérarchisée où les bébés naissent prédestinés à une caste en fonction de leur patrimoine génétique, un homme de haut rang va se dresser contre l'ordre établi. Le Meilleur des Mondes
28%
2054 Des enfants aux pouvoirs psy permettent de prédire les crimes. Minority Report
28%
futur proche La jeunesse britannique ultraviolente est remise dans le droit chemin avec des techniques de conditionnement mental. Orange Mécanique
25%
2500 Sur une Terre entièrement recouverte d'eau, certains survivants commencent à présenter des adaptations à la vie aquatique. Waterworld
20%
2077 À Night City en Californie, où les méga corporations font la loi, un mercenaire se retrouve doté d'une puce électronique qui va progressivement remplacer sa conscience par celle d'une rock-star disparu des années auparavant. Cyberpunk 2077
18%
2505 Après 500 d'évolution, l'humanité est juste devenue très très bête. Idiocracy
14%
2027 Alors que l'humanité est devenue stérile, la monde s'enfonce progressivement dans le chaos. Les Fils de l'homme
9%
Aucun quiz correspondant
Distribution des résultats
% des personnes avec chaque résultat
Percentile par nombre de réponses
Votre historique - résultats
Vous n’avez pas pris ce quiz